00896nam a2200253 a 450000100060000000300080000600500170001400800410003103500190007204000270009104100080011808200250012610000260015124500970017725000120027426000380028630000330032450000210035765000390037865000460041794200120046399900170047595201500049262714BD-RjUL20211209081120.0170125s1960 enka 001 0 eng d a(BD-RjUL)62841 aIRUcIRUdBD-RjULbeng aeng 223a709.04bREA 19601 aRead, Herbert918640910aArt now :ban introduction to the theory of modern painting and sculpture /cby Herbert Read anew ed. aLondon :bFaber and Faber,c1960. a128, 32 p. :bill. ;c20 cm. aIncludes index. 0aArt, Moderny20th century.9184707 0aAesthetics, Moderny20th century.9186410 2ddccBK c62714d62714 00102ddc40718NFICaRUCLbRUCLcReadingd1990-10-24eShoukat Osman, Dhakag37.00l0o709.04 REA 1960r2017-01-25 00:00:00tC-1w2017-01-25yBK